| 000 | 00692nam a22002057a 4500 | ||
|---|---|---|---|
| 005 | 20150219161607.0 | ||
| 010 | _aB-593927 | ||
| 020 |
_a9780074622506 _c750.00 |
||
| 020 |
_a0074622501 _c750.00 |
||
| 035 | _aB-593927 | ||
| 037 |
_adpl _bPansy Books |
||
| 100 | _aMorgan, Clifford T. | ||
| 245 |
_aIntroduction to Psychology _cby Clifford T. Morgan [et...al] |
||
| 250 | _a7th ed. | ||
| 260 |
_aNew Delhi _bTata McGraw Hill Education Pvt.Ltd. _c2011 |
||
| 270 |
_a7 West Patel Nagar _bNew Delhi _e110008 |
||
| 300 |
_a713p.: _bill.. _c23cm |
||
| 942 |
_2ddc _cEN _mMOR |
||
| 999 |
_c91619 _d91619 |
||